000 00691nai a2200205Ia 4500
003 IN-BaIIA
008 211028c9999 xx s 000 0 eng d
022 _a00916765 (Print)
022 _a15529924 (Online)
040 _cIIA Library
245 0 _aEnvironmental Health Perspectives
_h[eJournal]
260 _aNorth Carolina, USA
_bThe National Institute of Environmental Health Sciences
310 _aMonthly
362 _a1(1); 1972 - 120(12); 2012
521 _bSubscribed through IIA Library
650 _a Medicine & Allied Health
_948815
650 _aHealth Sciences
_948816
856 _uhttps://www.jstor.org/journal/envihealpers
_yClick Here to Access eJournal
942 _cEJ
999 _c34324
_d34324